LEADER 01303nam a2200289 u 4500 001 000000036402 003 CaOOAMICUS 005 20070226112708.0 008 980324s1994 sp u000 u spa u 020 $a8472993191 035 $a10787157 040 $aPUL(R)$bita 245 00$aAcuerdos del Estado Español con los Judíos, Musulmanes y protestantes /$cJaime Bonet ... [et al.]. 260 $aSalamanca :$bUniversidad Pontificia,$c1994. 300 $a310 p. ;$c24 cm 490 1 $aBibliotheca salmanticensis.$aEstudios ;$v162 504 $aBibliografia in nota. 650 4$aLibertà religiosa.$0(OLS)http://pul/subject/762 700 1 $aBonet, Jaime.$0(OLS)http://pul/name/27575 830 0$aBibliotheca salmanticensis.$pEstudios ;$v162.$0(OLS)http://pul/title/4111 850 $aPUL 852 $aPUL$W1$xSL Diritto Canonico 3$y77$m262. 99 CAN.7 3.162$j49879$nBK-PRI$b $qDDC 21$B49879$CPULBib$Z2$F49879 $H71937 $82 941 1 $a9 960 $aLibertà di culto$xConvenzioni internazionali $9762 996 $6020$a8472993191$9(OLS)http://pul/number/45675 996 $6245$aAcuerdos del Estado Español con los Judíos, Musulmanes y protestantes$9(OLS)http://pul/title/49793 996 $6260$aSalamanca :$bUniversidad Pontificia$9(OLS)http://pul/publisher/53190 LEADER 01156nam a2200277 u 4500 001 000000080194 003 CaOOAMICUS 005 20070226123623.0 008 040701s1988 it a u000 u ita u 035 $a11002653 040 $aPUL(R)$bita 041 0 $aita$ager$aeng 245 10$aSant'Anselmo :$bsaggi storici e di attualità /$ca cura di Gerardo J. Békés. 260 $aRoma :$b[Pontificio Ateneo S. Anselmo],$c1988. 300 $a319 p. :$bill. ;$c25 cm 490 1 $aStudia Anselmiana ;$v97 500 $aContiene indici. 504 $aBibliografia in nota. 610 24$aPontificio Ateneo S. Anselmo.$0(OLS)http://pul/subject/27817 700 1 $aBékés, Gellert,$cO.S.B.,$d1915-$0(OLS)http://pul/name/2790 830 0$aStudia Anselmiana ;$v97.$0(OLS)http://pul/title/554 850 $aPUL 852 $aPUL$W1$xSL Religione 3$y85$m230. 05 COLL 2.97$j102442$nBK-PRI$qDDC 21$B102442$CPULBib$Z2$F102442 $H60101 $82 941 1 $a9 996 $6245$aSant'Anselmo :$bsaggi storici e di attualità$9(OLS)http://pul/title/105047 996 $6260$aRoma :$b[Pontificio Ateneo S. Anselmo]$9(OLS)http://pul/publisher/75803